[Event "IECC CL6-2000.07"]
[Site "IECC email"]
[Date "2000.01.13"]
[Round "?"]
[White "Jones, J Mason"]
[Black "McMenamin, Johnny"]
[Result "0-1"]
[WhiteElo "1246"]
[BlackElo "1328"]
[PlyCount "60"]
[EventDate "2000.??.??"]
[EventType "tourn (corr)"]
[EventRounds "4"]
[SourceTitle "Corr 2008"]
[Source "ChessBase"]
[SourceDate "2008.06.24"]
[SourceVersion "1"]
[SourceVersionDate "2008.06.24"]
[SourceQuality "1"]

1. e4 e5 2. Nc3 Nc6 3. f4 exf4 4. Nf3 d6 5. Bc4 Be6 6. Bb3 g5 7. 0-0 h5 8. d4 Bxb3 9. axb3 Be7 10. Nd5 g4 11. Ne1 Bg5 12. Nxf4 Qe7 13. c3 Qxe4 14. Ned3 0-0-0 15. d5 Ne5 16. Rxa7 Bxf4 17. Nxf4 Nf6 18. b4 g3 19. Qa4 Nfd7 20. Ra8+ Nb8 21. Qa7 gxh2+ 22. Kxh2 Ned7 23. Qa2 Rdg8 24. b3 Nb6 25. Ra5 N8d7 26. c4 Ne5 27. Nh3 Qd3 28. Rf4 Qg3+ 29. Kg1 Qe1+ 30. Rf1 Nf3+ 0-1

[Event "IECC KO email"]
[Site "IECC email"]
[Date "1999.04.10"]
[Round "?"]
[White "Popp, Tony"]
[Black "McMenamin, Johnny"]
[Result "0-1"]
[WhiteElo "1515"]
[BlackElo "1332"]
[PlyCount "78"]
[EventDate "1999.??.??"]
[EventType "tourn (corr)"]
[EventRounds "6"]
[SourceTitle "Corr 2008"]
[Source "ChessBase"]
[SourceDate "2008.06.24"]
[SourceVersion "1"]
[SourceVersionDate "2008.06.24"]
[SourceQuality "1"]

1. e4 c5 2. f4 d5 3. Nc3 d4 4. Nce2 Nf6 5. d3 Nc6 6. g3 e5 7. Bg2 Bd6 8. Nf3 exf4 9. Nxf4 Bg4 10. 0-0 0-0 11. c3 c4 12. Qc2 cxd3 13. Qxd3 dxc3 14. bxc3 Bxf4 15. Qxd8 Raxd8 16. Bxf4 Nxe4 17. Ne5 Nxe5 18. Bxe5 Nc5 19. Bd4 b6 20. Bxc5 bxc5 21. Rf4 Be2 22. c4 Rd4 23. Rxd4 cxd4 24. Bf1 Bxf1 25. Kxf1 f5 26. Rd1 Rd8 27. Ke2 Kf7 28. Kd3 Kf6 29. c5 Ke5 30. Rc1 g6 31. Rc4 Rc8 32. c6 Rc7 33. Rxd4 Rxc6 34. Ra4 a6 35. Rb4 g5 36. h4 gxh4 37. Rxh4 Rg6 38. Rh3 Rg4 39. Ke3 Rxg3+ 0-1